载入...
പാവേ പാവേ പോകവേണ്ട
| 主要作者: | |
|---|---|
| 其他作者: | |
| 格式: | Printed Book |
| 出版: |
Kottayam
DC
2016
|
| 主题: |
| LEADER | 00541nam a22001577a 4500 | ||
|---|---|---|---|
| 020 | |a 9788126474530 | ||
| 082 | |a M894.812 1 |b MAN/P | ||
| 100 | |a മനോജ്, എം.ബി. | ||
| 245 | |a പാവേ പാവേ പോകവേണ്ട | ||
| 260 | |a Kottayam |b DC |c 2016 | ||
| 300 | |a 138p. | ||
| 650 | |a Pave pave pokavende | ||
| 700 | |a Manoj, M.B. | ||
| 942 | |c BK | ||
| 999 | |c 43805 |d 43805 | ||
| 952 | |0 0 |1 0 |4 0 |6 M_894_812000000000000_1_MANP |7 0 |8 Stack |9 47765 |a KUCL |b KUCL |c Stack |d 2017-06-27 |g 130.00 |l 0 |o M894.812 1 MAN/P |p 44731 |r 2017-06-27 |w 2017-06-27 |y BK | ||